<?xml version="1.0" encoding="UTF-8"?>
<collection xmlns:xsi="http://www.w3.org/2001/XMLSchema-instance" xsi:schemaLocation="http://www.loc.gov/MARC21/slim http://www.loc.gov/standards/marcxml/schema/MARC21slim.xsd" xmlns="http://www.loc.gov/MARC21/slim">
 <record>
  <leader>00000cam a22000008a 4500</leader>
  <controlfield tag="001">UP-99796217608451929</controlfield>
  <controlfield tag="003">Buklod</controlfield>
  <controlfield tag="005">20080726102425.0</controlfield>
  <controlfield tag="006">a     r    |||| u|</controlfield>
  <controlfield tag="007">ta</controlfield>
  <controlfield tag="008">061117s2007    nju     r    |001 0|eng d</controlfield>
  <datafield tag="020" ind1=" " ind2=" ">
   <subfield code="a">9780471998150 (cloth)</subfield>
  </datafield>
  <datafield tag="020" ind1=" " ind2=" ">
   <subfield code="a">047199815X (cloth)</subfield>
  </datafield>
  <datafield tag="035" ind1=" " ind2=" ">
   <subfield code="a">(iLib)UPD-00044165617</subfield>
  </datafield>
  <datafield tag="040" ind1=" " ind2=" ">
   <subfield code="a">DLC</subfield>
  </datafield>
  <datafield tag="050" ind1="0" ind2="0">
   <subfield code="a">TD193</subfield>
   <subfield code="b">H58 2007</subfield>
  </datafield>
  <datafield tag="100" ind1="1" ind2=" ">
   <subfield code="a">Hites, R. A.</subfield>
  </datafield>
  <datafield tag="245" ind1="1" ind2="0">
   <subfield code="a">Elements of environmental chemistry</subfield>
   <subfield code="c">Ronald A. Hites.</subfield>
  </datafield>
  <datafield tag="264" ind1=" " ind2="1">
   <subfield code="a">Hoboken, N.J.</subfield>
   <subfield code="b">John Wiley &amp; Sons</subfield>
   <subfield code="c">c2007.</subfield>
  </datafield>
  <datafield tag="300" ind1=" " ind2=" ">
   <subfield code="a">p. cm.</subfield>
  </datafield>
  <datafield tag="500" ind1=" " ind2=" ">
   <subfield code="a">Includes index.</subfield>
  </datafield>
  <datafield tag="505" ind1="0" ind2=" ">
   <subfield code="a">Simple tool skills -- Unit conversions -- Estimating -- Ideal gas law -- Stoichiometry -- Problem set -- Mass balance -- Steady-state mass balance -- Flows, stocks, and residence times -- Adding multiple flows -- Fluxes are not flows! -- Non-steady-state mass balance -- Up-going curve -- Down-going curve -- Working with real data -- Second order reactions -- Problem set -- Atmospheric chemistry -- Light -- Atmospheric structure -- Ozone -- Introduction to ozone -- The no/no2 pathway -- The oh/ooh pathway -- The cl/ocl pathway -- Chemical kinetics -- Pseudo steady state example -- Arrhenius equation -- Chapman reaction kinetics -- Smog -- Greenhouse effect -- Problem set -- Co2 equilibria -- Pure rain -- Polluted rain -- Surface water -- 4. problem set -- Fates of organic compounds -- Vapor pressure -- Water solubility -- Henry's law constant -- Partition coefficients -- Lipophilicity -- Fish partition coefficients -- Adsorption -- Water-air transfer -- Problem set -- Toxic environmental compounds -- Peticides -- Dphenylmethane analogues -- Hexachlorocyclohexanes -- Hexachlorocyclopentadienes -- Phosphorous containing insecticides -- Phosphates -- Phsphorothioates -- Phosphorodithioates -- Carbamates -- Natural product simulants -- Phenoxyacetic acids -- Nitroanilines -- Triazines --  Acetanilides -- Fungicides -- Mercury -- Lead -- Problem set -- Answers to the problem sets.</subfield>
  </datafield>
  <datafield tag="650" ind1=" " ind2="0">
   <subfield code="a">Environmental chemistry.</subfield>
  </datafield>
  <datafield tag="852" ind1="0" ind2=" ">
   <subfield code="a">UPD</subfield>
   <subfield code="b">DSCI</subfield>
   <subfield code="h">TD193</subfield>
   <subfield code="i">.H58 2007</subfield>
  </datafield>
  <datafield tag="942" ind1=" " ind2=" ">
   <subfield code="a">Book</subfield>
  </datafield>
 </record>
</collection>
